1149 1006 1462 1166 1480 1297 1816 1554 1203 1562 1961 1823 1440 1762 1336 1113 1248 1297 1679 1437 1126 1090 1174 1129 1443 1387 1384 1137 1492 1073 1067 1314 1307 1027 1074 1144 1199 1143 1880 1751 1964 1727 1348 1171 1762 1669 1432 1146 1594 1725 1638 1870 1104 1210 1286 1307 1098 1597 1897 1287 1013 1489 1938 1183 1809 1200 1778 1284 1082 1866 1455 1618 1206 2000 1985 1762 1241 1442 1886 1711 1535 1141 1981 1193 1920 1431 1232 1928 1264 1541 1213 1246 1553 1634 1314 1133 1256 1161 1700 BCNSPRNW ULIB Ver.6.0+V

เปลี่ยนเป็นภาษาไทย

Change to English
 แสดงรายละเอียดบรรณานุกรม
  กลับหน้าหลัก

Brief Record : Get Marc (ISO 2709) : E-mail record : QR code < ปิดหน้าต่าง
LEADER : 00000nam 2200000uu 4500
001    13399129193
003     ULIB
008    260511s2568||||th 000 0 tha d
020 ^  ^a9786166299410
060 0  ^aWY106^bว169ก
100 0  ^aวนิดา ดุรงค์ฤทธิชัย.
245 ^  ^aการพยาบาลอนามัยชุมชน :หลักการ แนวคิดและวิธีประยุกต์สู่การดูแลสุขภาพบุคคล ครอบครัวและชุมชน/^cวนิดา ดุรงค์ฤทธิชัย.
260 ^  ^aกรุงเทพฯ:^bสำนักพิมพ์จุฬาลงกรณ์มหาวิทยาลัย,^c2568.
300 ^  ^a669 หน้า
505 ^  ^aตำราการพยาบาลอนามัยชุมชนเล่มนี้แบ่งเป็น 6 ส่วน ^tส่วนที่ 1 ว่าด้วยระบบสุขภาพ ระบบบริการสาธารณสุขและระบบการดูแลสุขภาพชุมชน--^tส่วนที่ 2 คือบทบาทพยาบาลอนามัยชุมชน--^tส่วนที่ 3 คือกระบวนการพยาบาลอนามัยชุมชนที่ใช้เป็นเครื่องมือสำหรับปฏิบัติงานในชุมชนประกอบด้วยขั้นตอนต่างๆ--^tส่วนที่ 4 นำสู่การดำเนินการแก้ไขปัญหาสุขภาพชุมชนด้วยการเยี่ยมบ้าน การพยาบาลแบบครอบครัวเป็นศูนย์กลางการดูแล การดูแลต่อเนื่องครอบครัวที่มีสมาชิกเจ็บป่วยเรื้อรังและการดูแลแบบประคับประคอง--^tส่วนที่ 5 เป็นแนวทางการดำเนินงานแก้ไขปัญหาสุขภาพชุมชนในงานอนามัยโรงเรียน งานอาชีวอนามัยและงานอนามัยสิ่งแวดล้อม--^tส่วนที่ 6 แสดงถึงหลักการและแนวทางที่จะทำให้ใช้ยาอย่างสมเหตุสมผล และส่วนสุดท้ายเป็นการนำกฎหมาย จรรยาบรรณและจริยธรรมมาใช้ในการพยาบาลอนามัยชุมชนให้สอดคล้องกับบุคคล ครอบครัวและชุมชนอย่างมีประสิทธิภาพ.
650 ^  ^aการพยาบาลครอบครัว.
650 ^  ^aการพยาบาลอนามัยชุมชน.
999    ^aประนอม เกษจรัล
รายการนี้ยังไม่มีแท็ก
คุณยังไม่ได้ล็อกอิน คุณสามารถมีกิจกรรมร่วมกับเว็บไซต์ได้ แต่ต้องล็อกอินก่อน ::
  ล็อกอิน

รายการสื่อสารสนเทศ

ลำดับที่ ประเภท เลขเรียก/บาร์โค้ด สถานที่ สถานะ
1. Book การพยาบาล
หนังสือสำรอง
สถานะ=หนังสือสำรอง
WY106 ว169ก ฉ.1 
  Barcode: 012095
ห้องสมุดวิทยาเขตสวรรค์ประชารักษ์
►หนังสือทั่วไป
บนชั้น
*เพิ่งรับคืน

รายการใกล้เคียง
    หัวเรื่อง [การพยาบาลอนามัยชุมชน.]

BibComment


ยังไม่เคยถูกคอมเมนท์

คอมเมนท์ทรัพยากรรายการนี้
  คอมเมนท์: การพยาบาลอนามัยช..


 Copyright 2026. Bcnsprnw @Library